000 01050cam a2200301 a 4500
001 99804
003 IT-RoPau
005 20220918181312.0
008 960311s1995 it b 001 0 ita d
010 _a 96123594
020 _a8839903836
035 _a(OCoLC)34800377
040 _aC3L
_cC3L
_dInNd
_dDLC
042 _alccopycat
045 _ax0x4
050 0 0 _aBX4827.B57
_bG35 1995
100 1 _aGallas, Alberto.
_935779
245 1 0 _aAnthropos téleios :
_bl'itinerario di Bonhoeffer nel conflitto tra cristianesimo e modernità /
_cAlberto Gallas.
260 _aBrescia :
_bQueriniana,
_cc1995.
300 _a504 p. ;
_c23 cm.
440 0 _aBiblioteca di teologia contemporanea ;
_v83
_935780
504 _aIncludes bibliographical references (p. [475]-491) and index.
600 1 0 _aBonhoeffer, Dietrich,
_d1906-1945.
_935766
906 _a7
_bcbc
_ccopycat
_d3
_encip
_f19
_gy-gencatlg
942 _2ddc
_cBK
999 _c108658
_d108658